000
00209 a2200097 4500
001
13915
100
_a
Bloemertz G
245
_a
Heaven Next Stop
260
_a
London
_b
William Kinber
_c
090
_c
10883
_d
10883
942
_a
NUST-CAE
_c
M
_c
984
999
_c
248988
_d
248988